|
|
|
|
| LEADER |
00000nam0a2200000 4500 |
| 001 |
340920 |
| 005 |
20231102005306.0 |
| 010 |
|
|
|a 9785972902125
|
| 035 |
|
|
|a (RuTPU)RU\TPU\book\368007
|
| 090 |
|
|
|a 340920
|
| 100 |
|
|
|a 20180428d2018 m y0rusy50 ca
|
| 101 |
0 |
|
|a rus
|
| 102 |
|
|
|a RU
|
| 105 |
|
|
|a a j 001zy
|
| 200 |
1 |
|
|a Обеспечение безопасности гидротехнических сооружений
|e учебное пособие
|f М. Б. Кошумбаев
|
| 210 |
|
|
|a Москва
|c Инфра-Инженерия
|d 2018
|
| 215 |
|
|
|a 240 с.
|c ил.
|
| 320 |
|
|
|a Библиогр.: с. 188-197
|
| 320 |
|
|
|a Определения, обозначения и сокращения: с. 8-9
|
| 330 |
|
|
|a Рассмотрены вопросы обеспечения безопасности гидротехнических сооружений. Проведен анализ наиболее распространенных причин возникновения чрезвычайных ситуаций, предложены способы минимизации рисков их возникновения. Подробно описаны результаты теоретических и экспериментальных исследований автора, посвященных расчету параметров водосбросных сооружений на основе полуэмпирических методов и уравнений двухфазного потока. На основе полученных данных предложены характеристики устройств, обеспечивающих устойчивое вихревое движение воды. Даны рекомендации по организации эффективного режима работы водосбросов. Предложены новые конструкции водосбросов открытого и шахтного типов, даны улучшенные схемы водосбросных трактов. Многие из описанных конструкций и схем защищены охранными документами и внедрены на действующих гидротехнических объектах.
|
| 606 |
1 |
|
|a Гидротехнические сооружения
|x Проблемы
|x Повреждения
|x Аварии
|x Безопасность
|2 stltpush
|3 (RuTPU)RU\TPU\subj\51894
|9 70397
|
| 610 |
1 |
|
|a чрезвычайные ситуации
|
| 610 |
1 |
|
|a возникновение
|
| 610 |
1 |
|
|a математическое моделирование
|
| 610 |
1 |
|
|a водосбросы
|
| 610 |
1 |
|
|a конструкции
|
| 610 |
1 |
|
|a параметры
|
| 610 |
1 |
|
|a расчет
|
| 610 |
1 |
|
|a безопасная работа
|
| 610 |
1 |
|
|a энергия
|
| 610 |
1 |
|
|a независимые источники
|
| 610 |
1 |
|
|a инновационные решения
|
| 610 |
1 |
|
|a учебные пособия
|
| 675 |
|
|
|a 626/628(075.8)
|v 4
|
| 700 |
|
1 |
|a Кошумбаев
|b М. Б.
|g Марат Булатович
|
| 801 |
|
1 |
|a RU
|b 63413507
|c 20180428
|
| 801 |
|
2 |
|a RU
|b 63413507
|c 20190926
|g RCR
|
| 942 |
|
|
|c BK
|
| 959 |
|
|
|a 3/20180221
|d 1
|e 2100,00
|f ЧЗТЛ:1
|